| 000 | 00687cam a2200205 4500 | ||
|---|---|---|---|
| 001 | ABS61385 | ||
| 008 | 000000n1999 000 0 eng u | ||
| 035 | _a(Sirsi) u100498 | ||
| 100 | _aPerrin, S. | ||
| 245 | _aSubject to subsidence? | ||
| 260 | _c1999 | ||
| 490 |
_aAccountancy _v124(1274) October 1999, 24-26(3) |
||
| 520 | _aArgues that the confidence of experts in predicting there will not be a repeat of the late 1980s boom and bust property market is similar to what they were saying then. | ||
| 590 | _aABS | ||
| 650 | _aHOUSE PRICES | ||
| 650 | _aGROWTH | ||
| 650 | _aBUY-TO-LET | ||
| 690 | _aPROPERTY-RESIDENTIAL PROPERTY-RESIDENTIAL PROPERTY MARKET | ||
| 942 | _n0 | ||
| 999 |
_c60127 _d60127 |
||